000 00876nam a2200265Ia 4500
003 OSt
005 20220930073132.0
006 a|||||r|||| 00| 0
007 ta
008 220926b |||||||| |||| 00| 0 eng d
024 _a28347
037 _cTheses
040 _aCRL
_cCRL
_beng
041 _2eng
_aeng
100 _aSaraswathy K N
_9531062
110 _aUniversity of Delhi. Faculty of Science. Department of Anthropology
_9144926
245 0 _aDemo-genetic dynamics of Kolam tribe of Andhra Pradesh
260 _aDelhi
_bUniversity of Delhi Country
_c2000
650 _aANTHROPOLOGY
700 _a Kalla A K Gu.
_9531063
700 _a Sachdeva M P Gu.
_9531064
700 _aUniversity of Delhi. Faculty of Science. Department of Anthropology
_9144928
942 _cDIS
_2CC
999 _c864703
_d864703